Представление документа в формате RUSMARC

ПолеНазваниеЗначение
  Тип записи a
  Библиографический уровень a
001 Контрольный номер 2afacd35a88f4d178db81f5115c49986
005 Дата корректировки 20240805122719.0
100 Данные общей обработки __
a Данные общей обработки 20240805 ||| 0rusy0189 ca
101 Язык документа 0_
a Язык текста rus
102 Страна публикации __
a Страна публикации RU
200 Заглавие и сведения об ответственности 1_
a Заглавие С русского на русский
e Сведения, относящиеся к заглавию [что означают малопонятные слова "фельдшер", "спальник", "сенная девушка", "парча"]
f Первые сведения об ответственности В. Селезнёва
461 Уровень набора _0
1 2000
a Мурзилка
463 Уровень физической единицы _0
1 2000
b Текст
a № 7
v С. 16-17 : ил.
1 2101
d 2024
1 00166d484caaa5f4e32a9f7b3b0f49cc2fc
606 Тематические рубрики 0_
a Основная рубрика Русский язык. Лексикология
y Географическая подрубрика Великобритания
610 Ключевые слова 0_
a Ключевые слова русский язык, устаревшие слова, лексикология, этимология, значение слов, ткани, должности, фельдшер, спальник, парча
686 Индексы других классификаций __
a Классификационный индекс 81.411.2-3
700 Автор _1
a Фамилия Селезнёва
b Имя (инициалы) В.
g Полное личное имя Вера
801 Источник записи _0
a Страна RU
b Организация УОБДЮ
c Дата составления 20240805
g Правила каталогизации RCR
801 Источник записи _1
a Страна RU
b Организация УОБДЮ
c Дата составления 20240805
g Правила каталогизации RCR
901 Тип документа __
t Тип документа b
w Контрольный № источника 66d484caaa5f4e32a9f7b3b0f49cc2fc
905 Данные по созданию БЗ __
b Логин пользователя, который создал БЗ ibo4
909 Создатель записи __
a Создатель записи Бобылёва И.В.
910 Корректоры записи __
a Корректор записи Бобылёва И.В.